00310nam a2200109Ia 4500008004100000041000800041100001600049245006900065260003800134300000800172700002000180250110s9999 xx 000 0 und d aeng aBapat Tejal aLandscape Proposal For Pedestrian Friendly Neighbourhood In Pune bM Arch Landscape BNCA, Punec2015 a70p aGuide Name:BNCA